000
00266nam a2200109Ia 4500
008
200302s9999 xx 000 0 und d
100
_a
Author
245
_a
Pantone Color Maker Technique
260
_b
Tata Mcgraw-Hill Publishing Co.
260
_c
1986
300
_a
232 P.,
999
_c
383
_d
383